Mannschaften der Regionalliga Nordost 2024/25 - Statistiken

Allgemein
  • Dieses Quiz wurde 106 mal gespielt
  • Das Durchschnittsergebnis liegt bei 14 aus 18
Antwortstatistiken
Mannschaften % Korrekt
1. FC Lokomotive Leipzig
92%
BSG Chemie Leipzig
92%
FC Carl Zeiss Jena
90%
FC Rot-Weiß Erfurt
90%
Hallescher FC
89%
Hertha BSC II⁠
86%
BFC Dynamo
85%
SV Babelsberg 03
79%
Chemnitzer FC
76%
VFC Plauen
76%
FC Viktoria 1889 Berlin
75%
Greifswalder FC
75%
ZFC Meuselwitz
69%
FSV Zwickau
68%
FC Hertha 03 Zehlendorf
64%
FSV 63 Luckenwalde
64%
FC Eilenburg
61%
VSG Altglienicke
61%
Keine übereinstimmenden Quizze gefunden
Verteilung der Resultate
Anzahl Personen mit jedem Resultat
Perzentil nach korrekt beantworteten Fragen
Ihre Resultats-Entwicklung
Sie haben dieses Quiz noch nicht gespielt